00452nam a2200133 4500008004100000020001800041050002000059100002300079245010600102260005600208300002000264650001300284700002100297151026b xxu||||| |||| 00| 0 eng d a9789966560070 aPL 8011.G5 2015 aGill, Harshi Syal. aAfrican quilt: stories of the Asian Indian experience in Kenya /cHarshi Syal Gill and Parvin D. Syal aKigali :bEast Africa Educattion Publishers,c2015. a214 p. ;c20cm. aFiction. aSyal, Parvin D.